<?xml version="1.0" encoding="UTF-8"?>
<collection xmlns="http://www.loc.gov/MARC21/slim">
 <record>
  <leader>11058nas a22011175  4500</leader>
  <controlfield tag="001">1/50394</controlfield>
  <controlfield tag="008">031223c20019999gr mrzp           g0gre d</controlfield>
  <datafield tag="035" ind1=" " ind2=" ">
   <subfield code="l">24516</subfield>
  </datafield>
  <datafield tag="040" ind1=" " ind2=" ">
   <subfield code="a">GR-PeUP</subfield>
  </datafield>
  <datafield tag="090" ind1=" " ind2=" ">
   <subfield code="a">Αλφαβητική σειρά</subfield>
  </datafield>
  <datafield tag="245" ind1="0" ind2="0">
   <subfield code="a">Ne.o :</subfield>
   <subfield code="b">new economy observer</subfield>
  </datafield>
  <datafield tag="260" ind1=" " ind2=" ">
   <subfield code="a">Αθήνα :</subfield>
   <subfield code="b">Τεχνόπολις Α.Ε.,</subfield>
   <subfield code="c">2001-</subfield>
  </datafield>
  <datafield tag="300" ind1=" " ind2=" ">
   <subfield code="a">τ. :</subfield>
   <subfield code="b">εικ. ;</subfield>
   <subfield code="c">27 εκ.</subfield>
  </datafield>
  <datafield tag="310" ind1=" " ind2=" ">
   <subfield code="a">Μηνιαίο</subfield>
  </datafield>
  <datafield tag="362" ind1="0" ind2=" ">
   <subfield code="a">Τχ.2(Φεβρ. 2001)- τχ.33(Δεκ. 2003)</subfield>
  </datafield>
  <datafield tag="362" ind1="0" ind2=" ">
   <subfield code="a">Τχ.34(Ιαν. 2004)-</subfield>
  </datafield>
  <datafield tag="546" ind1=" " ind2=" ">
   <subfield code="a">Ελληνική</subfield>
  </datafield>
  <datafield tag="650" ind1=" " ind2="4">
   <subfield code="a">Οικονομία</subfield>
   <subfield code="v">Περιοδικά.</subfield>
  </datafield>
  <datafield tag="650" ind1=" " ind2="4">
   <subfield code="a">Επιχειρήσεις</subfield>
   <subfield code="v">Περιοδικά.</subfield>
  </datafield>
  <datafield tag="852" ind1=" " ind2=" ">
   <subfield code="a">INST</subfield>
   <subfield code="b">UNIPILB</subfield>
   <subfield code="c">SERIALS</subfield>
   <subfield code="e">20041122</subfield>
   <subfield code="h">Αλφαβητική σειρά</subfield>
   <subfield code="p">37788</subfield>
   <subfield code="q">37788</subfield>
   <subfield code="t">NOLOAN</subfield>
   <subfield code="v">τεύχ.34:(Μήνας)Ιανουάριος;(Έτος)2004</subfield>
   <subfield code="y">23</subfield>
  </datafield>
  <datafield tag="852" ind1=" " ind2=" ">
   <subfield code="a">INST</subfield>
   <subfield code="b">UNIPILB</subfield>
   <subfield code="c">SERIALS</subfield>
   <subfield code="e">20041122</subfield>
   <subfield code="h">Αλφαβητική σειρά</subfield>
   <subfield code="p">37789</subfield>
   <subfield code="q">37789</subfield>
   <subfield code="t">NOLOAN</subfield>
   <subfield code="v">τεύχ.36:(Μήνας)Μάρτιος;(Έτος)2004</subfield>
   <subfield code="y">23</subfield>
  </datafield>
  <datafield tag="852" ind1=" " ind2=" ">
   <subfield code="a">INST</subfield>
   <subfield code="b">UNIPILB</subfield>
   <subfield code="c">SERIALS</subfield>
   <subfield code="e">20041122</subfield>
   <subfield code="h">Αλφαβητική σειρά</subfield>
   <subfield code="p">37790</subfield>
   <subfield code="q">37790</subfield>
   <subfield code="t">NOLOAN</subfield>
   <subfield code="v">τεύχ.37:(Μήνας)Απρίλιος;(Έτος)2004</subfield>
   <subfield code="y">23</subfield>
  </datafield>
  <datafield tag="852" ind1=" " ind2=" ">
   <subfield code="a">INST</subfield>
   <subfield code="b">UNIPILB</subfield>
   <subfield code="c">SERIALS</subfield>
   <subfield code="e">20041122</subfield>
   <subfield code="h">Αλφαβητική σειρά</subfield>
   <subfield code="p">37791</subfield>
   <subfield code="q">37791</subfield>
   <subfield code="t">NOLOAN</subfield>
   <subfield code="v">τεύχ.38:(Μήνας)Μάιος;(Έτος)2004</subfield>
   <subfield code="y">23</subfield>
  </datafield>
  <datafield tag="852" ind1=" " ind2=" ">
   <subfield code="a">INST</subfield>
   <subfield code="b">UNIPILB</subfield>
   <subfield code="c">SERIALS</subfield>
   <subfield code="e">20041122</subfield>
   <subfield code="h">Αλφαβητική σειρά</subfield>
   <subfield code="p">37792</subfield>
   <subfield code="q">37792</subfield>
   <subfield code="t">NOLOAN</subfield>
   <subfield code="v">τεύχ.39:(Μήνας)Ιούνιος;(Έτος)2004</subfield>
   <subfield code="y">23</subfield>
  </datafield>
  <datafield tag="852" ind1=" " ind2=" ">
   <subfield code="a">INST</subfield>
   <subfield code="b">UNIPILB</subfield>
   <subfield code="c">SERIALS</subfield>
   <subfield code="e">20041122</subfield>
   <subfield code="h">Αλφαβητική σειρά</subfield>
   <subfield code="p">37793</subfield>
   <subfield code="q">37793</subfield>
   <subfield code="t">NOLOAN</subfield>
   <subfield code="v">τεύχ.40:(Μήνας)Ιούλιος;(Έτος)2004</subfield>
   <subfield code="y">23</subfield>
  </datafield>
  <datafield tag="852" ind1=" " ind2=" ">
   <subfield code="a">INST</subfield>
   <subfield code="b">UNIPILB</subfield>
   <subfield code="c">SERIALS</subfield>
   <subfield code="e">20041122</subfield>
   <subfield code="h">Αλφαβητική σειρά</subfield>
   <subfield code="p">37794</subfield>
   <subfield code="q">37794</subfield>
   <subfield code="t">NOLOAN</subfield>
   <subfield code="v">τεύχ.41:(Μήνες)Αύγ./Σεπ.;(Έτος)2004</subfield>
   <subfield code="y">23</subfield>
  </datafield>
  <datafield tag="852" ind1=" " ind2=" ">
   <subfield code="a">INST</subfield>
   <subfield code="b">UNIPILB</subfield>
   <subfield code="c">SERIALS</subfield>
   <subfield code="e">20041122</subfield>
   <subfield code="h">Αλφαβητική σειρά</subfield>
   <subfield code="p">37795</subfield>
   <subfield code="q">37795</subfield>
   <subfield code="t">NOLOAN</subfield>
   <subfield code="v">τεύχ.42:(Μήνας)Οκτώβριος;(Έτος)2004</subfield>
   <subfield code="y">23</subfield>
  </datafield>
  <datafield tag="852" ind1=" " ind2=" ">
   <subfield code="a">INST</subfield>
   <subfield code="b">UNIPILB</subfield>
   <subfield code="c">SERIALS</subfield>
   <subfield code="e">20041122</subfield>
   <subfield code="h">Αλφαβητική σειρά</subfield>
   <subfield code="p">37796</subfield>
   <subfield code="q">37796</subfield>
   <subfield code="t">NOLOAN</subfield>
   <subfield code="v">τεύχ.43:(Μήνας)Νοέμβριος;(Έτος)2004</subfield>
   <subfield code="y">23</subfield>
  </datafield>
  <datafield tag="852" ind1=" " ind2=" ">
   <subfield code="a">INST</subfield>
   <subfield code="b">UNIPILB</subfield>
   <subfield code="c">SERIALS</subfield>
   <subfield code="e">20041214</subfield>
   <subfield code="h">Αλφαβητική σειρά</subfield>
   <subfield code="p">38382</subfield>
   <subfield code="q">38382</subfield>
   <subfield code="t">NOLOAN</subfield>
   <subfield code="v">τεύχ.44:(Μήνας)Δεκέμβριος;(Έτος)2004</subfield>
   <subfield code="y">23</subfield>
  </datafield>
  <datafield tag="852" ind1=" " ind2=" ">
   <subfield code="a">INST</subfield>
   <subfield code="b">UNIPILB</subfield>
   <subfield code="c">SERIALS</subfield>
   <subfield code="e">20050111</subfield>
   <subfield code="h">Αλφαβητική σειρά</subfield>
   <subfield code="p">38702</subfield>
   <subfield code="q">38702</subfield>
   <subfield code="t">NOLOAN</subfield>
   <subfield code="v">τεύχ.45:(Μήνας)Ιανουάριος;(Έτος)2005</subfield>
   <subfield code="y">23</subfield>
  </datafield>
  <datafield tag="852" ind1=" " ind2=" ">
   <subfield code="a">INST</subfield>
   <subfield code="b">UNIPILB</subfield>
   <subfield code="c">SERIALS</subfield>
   <subfield code="e">20050322</subfield>
   <subfield code="h">Αλφαβητική σειρά</subfield>
   <subfield code="p">41550</subfield>
   <subfield code="q">41550</subfield>
   <subfield code="t">NOLOAN</subfield>
   <subfield code="v">τεύχ.47:(Μήνας)Μάρτιος;(Έτος)2005</subfield>
   <subfield code="y">23</subfield>
  </datafield>
  <datafield tag="852" ind1=" " ind2=" ">
   <subfield code="a">INST</subfield>
   <subfield code="b">UNIPILB</subfield>
   <subfield code="c">SERIALS</subfield>
   <subfield code="e">20050412</subfield>
   <subfield code="h">Αλφαβητική σειρά</subfield>
   <subfield code="p">42365</subfield>
   <subfield code="q">42365</subfield>
   <subfield code="t">NOLOAN</subfield>
   <subfield code="v">τεύχ.48:(Μήνας)Απρίλιος;(Έτος)2005</subfield>
   <subfield code="y">23</subfield>
  </datafield>
  <datafield tag="852" ind1=" " ind2=" ">
   <subfield code="a">INST</subfield>
   <subfield code="b">UNIPILB</subfield>
   <subfield code="c">SERIALS</subfield>
   <subfield code="e">20050520</subfield>
   <subfield code="h">Αλφαβητική σειρά</subfield>
   <subfield code="p">43370</subfield>
   <subfield code="q">43370</subfield>
   <subfield code="t">NOLOAN</subfield>
   <subfield code="v">τεύχ.49:(Μήνας)Μάιος;(Έτος)2005</subfield>
   <subfield code="y">23</subfield>
  </datafield>
  <datafield tag="852" ind1=" " ind2=" ">
   <subfield code="a">INST</subfield>
   <subfield code="b">UNIPILB</subfield>
   <subfield code="c">SERIALS</subfield>
   <subfield code="e">20050617</subfield>
   <subfield code="h">Αλφαβητική σειρά</subfield>
   <subfield code="p">44042</subfield>
   <subfield code="q">44042</subfield>
   <subfield code="t">NOLOAN</subfield>
   <subfield code="v">τεύχ.50:(Μήνας)Ιούνιος;(Έτος)2005</subfield>
   <subfield code="y">23</subfield>
  </datafield>
  <datafield tag="852" ind1=" " ind2=" ">
   <subfield code="a">INST</subfield>
   <subfield code="b">UNIPILB</subfield>
   <subfield code="c">SERIALS</subfield>
   <subfield code="e">20050823</subfield>
   <subfield code="h">Αλφαβητική σειρά</subfield>
   <subfield code="p">45360</subfield>
   <subfield code="q">45360</subfield>
   <subfield code="t">NOLOAN</subfield>
   <subfield code="v">τεύχ.52:(Μήνες)Αύγ./Σεπ.;(Έτος)2005</subfield>
   <subfield code="y">23</subfield>
  </datafield>
  <datafield tag="852" ind1=" " ind2=" ">
   <subfield code="a">INST</subfield>
   <subfield code="b">UNIPILB</subfield>
   <subfield code="c">SERIALS</subfield>
   <subfield code="e">20051020</subfield>
   <subfield code="h">Αλφαβητική σειρά</subfield>
   <subfield code="p">47821</subfield>
   <subfield code="q">47821</subfield>
   <subfield code="t">NOLOAN</subfield>
   <subfield code="v">τεύχ.53:(Μήνας)Οκτώβριος;(Έτος)2005</subfield>
   <subfield code="y">23</subfield>
  </datafield>
  <datafield tag="852" ind1=" " ind2=" ">
   <subfield code="a">INST</subfield>
   <subfield code="b">UNIPILB</subfield>
   <subfield code="c">SERIALS</subfield>
   <subfield code="e">20051219</subfield>
   <subfield code="h">Αλφαβητική σειρά</subfield>
   <subfield code="p">49223</subfield>
   <subfield code="q">49223</subfield>
   <subfield code="t">NOLOAN</subfield>
   <subfield code="v">τεύχ.55:(Μήνας)Δεκέμβριος;(Έτος)2005</subfield>
   <subfield code="y">23</subfield>
  </datafield>
  <datafield tag="852" ind1=" " ind2=" ">
   <subfield code="a">INST</subfield>
   <subfield code="b">UNIPILB</subfield>
   <subfield code="c">SERIALS</subfield>
   <subfield code="e">20060116</subfield>
   <subfield code="h">Αλφαβητική σειρά</subfield>
   <subfield code="p">49599</subfield>
   <subfield code="q">49599</subfield>
   <subfield code="t">NOLOAN</subfield>
   <subfield code="v">τεύχ.56:(Μήνας)Ιανουάριος;(Έτος)2006</subfield>
   <subfield code="y">23</subfield>
  </datafield>
  <datafield tag="852" ind1=" " ind2=" ">
   <subfield code="a">INST</subfield>
   <subfield code="b">UNIPILB</subfield>
   <subfield code="c">SERIALS</subfield>
   <subfield code="e">20060217</subfield>
   <subfield code="h">Αλφαβητική σειρά</subfield>
   <subfield code="p">50485</subfield>
   <subfield code="q">50485</subfield>
   <subfield code="t">NOLOAN</subfield>
   <subfield code="v">τεύχ.57:(Μήνας)Φεβρουάριος;(Έτος)2006</subfield>
   <subfield code="y">23</subfield>
  </datafield>
  <datafield tag="852" ind1=" " ind2=" ">
   <subfield code="a">INST</subfield>
   <subfield code="b">UNIPILB</subfield>
   <subfield code="c">SERIALS</subfield>
   <subfield code="e">20060322</subfield>
   <subfield code="h">Αλφαβητική σειρά</subfield>
   <subfield code="p">50960</subfield>
   <subfield code="q">50960</subfield>
   <subfield code="t">NOLOAN</subfield>
   <subfield code="v">τεύχ.58:(Μήνας)Μάρτιος;(Έτος)2006</subfield>
   <subfield code="y">23</subfield>
  </datafield>
  <datafield tag="852" ind1=" " ind2=" ">
   <subfield code="a">INST</subfield>
   <subfield code="b">UNIPILB</subfield>
   <subfield code="c">SERIALS</subfield>
   <subfield code="e">20060418</subfield>
   <subfield code="h">Αλφαβητική σειρά</subfield>
   <subfield code="p">51291</subfield>
   <subfield code="q">51291</subfield>
   <subfield code="t">NOLOAN</subfield>
   <subfield code="v">τεύχ.59:(Μήνας)Απρίλιος;(Έτος)2006</subfield>
   <subfield code="y">23</subfield>
  </datafield>
  <datafield tag="852" ind1=" " ind2=" ">
   <subfield code="a">INST</subfield>
   <subfield code="b">UNIPILB</subfield>
   <subfield code="c">SERIALS</subfield>
   <subfield code="e">20060704</subfield>
   <subfield code="h">Αλφαβητική σειρά</subfield>
   <subfield code="p">51745</subfield>
   <subfield code="q">51745</subfield>
   <subfield code="t">NOLOAN</subfield>
   <subfield code="v">τεύχ.60:(Μήνας)Μάιος;(Έτος)2006</subfield>
   <subfield code="y">23</subfield>
  </datafield>
  <datafield tag="852" ind1=" " ind2=" ">
   <subfield code="a">INST</subfield>
   <subfield code="b">UNIPILB</subfield>
   <subfield code="c">SERIALS</subfield>
   <subfield code="e">20060704</subfield>
   <subfield code="h">Αλφαβητική σειρά</subfield>
   <subfield code="p">51746</subfield>
   <subfield code="q">51746</subfield>
   <subfield code="t">NOLOAN</subfield>
   <subfield code="v">τεύχ.61:(Μήνας)Ιούνιος;(Έτος)2006</subfield>
   <subfield code="y">23</subfield>
  </datafield>
  <datafield tag="852" ind1=" " ind2=" ">
   <subfield code="a">INST</subfield>
   <subfield code="b">UNIPILB</subfield>
   <subfield code="c">SERIALS</subfield>
   <subfield code="e">20060818</subfield>
   <subfield code="h">Αλφαβητική σειρά</subfield>
   <subfield code="p">52283</subfield>
   <subfield code="q">52283</subfield>
   <subfield code="t">NOLOAN</subfield>
   <subfield code="v">τεύχ.62:(Μήνας)Ιούλιος;(Έτος)2006</subfield>
   <subfield code="y">23</subfield>
  </datafield>
  <datafield tag="852" ind1=" " ind2=" ">
   <subfield code="a">INST</subfield>
   <subfield code="b">UNIPILB</subfield>
   <subfield code="c">SERIALS</subfield>
   <subfield code="e">20060821</subfield>
   <subfield code="h">Αλφαβητική σειρά</subfield>
   <subfield code="p">52292</subfield>
   <subfield code="q">52292</subfield>
   <subfield code="t">NOLOAN</subfield>
   <subfield code="v">τεύχ.63:(Μήνες)Αύγ./Σεπ.;(Έτος)2006</subfield>
   <subfield code="y">23</subfield>
  </datafield>
  <datafield tag="852" ind1=" " ind2=" ">
   <subfield code="a">INST</subfield>
   <subfield code="b">UNIPILB</subfield>
   <subfield code="c">SERIALS</subfield>
   <subfield code="e">20061128</subfield>
   <subfield code="h">Αλφαβητική σειρά</subfield>
   <subfield code="p">53792</subfield>
   <subfield code="q">53792</subfield>
   <subfield code="t">NOLOAN</subfield>
   <subfield code="v">τεύχ.65:(Μήνας)Νοέμβριος;(Έτος)2006</subfield>
   <subfield code="y">23</subfield>
  </datafield>
  <datafield tag="852" ind1=" " ind2=" ">
   <subfield code="a">INST</subfield>
   <subfield code="b">UNIPILB</subfield>
   <subfield code="c">SERIALS</subfield>
   <subfield code="e">20070118</subfield>
   <subfield code="h">Αλφαβητική σειρά</subfield>
   <subfield code="p">54174</subfield>
   <subfield code="q">54174</subfield>
   <subfield code="t">NOLOAN</subfield>
   <subfield code="v">τεύχ.67:(Μήνας)Ιανουάριος;(Έτος)2007</subfield>
   <subfield code="y">23</subfield>
  </datafield>
  <datafield tag="852" ind1=" " ind2=" ">
   <subfield code="a">INST</subfield>
   <subfield code="b">UNIPILB</subfield>
   <subfield code="c">SERIALS</subfield>
   <subfield code="e">20070314</subfield>
   <subfield code="h">Αλφαβητική σειρά</subfield>
   <subfield code="p">54953</subfield>
   <subfield code="q">54953</subfield>
   <subfield code="t">NOLOAN</subfield>
   <subfield code="v">τεύχ.68:(Μήνας)Φεβρουάριος;(Έτος)2007</subfield>
   <subfield code="y">23</subfield>
  </datafield>
  <datafield tag="852" ind1=" " ind2=" ">
   <subfield code="a">INST</subfield>
   <subfield code="b">UNIPILB</subfield>
   <subfield code="c">SERIALS</subfield>
   <subfield code="e">20070404</subfield>
   <subfield code="h">Αλφαβητική σειρά</subfield>
   <subfield code="p">55147</subfield>
   <subfield code="q">55147</subfield>
   <subfield code="t">NOLOAN</subfield>
   <subfield code="v">τεύχ.69:(Μήνας)Μάρτιος;(Έτος)2007</subfield>
   <subfield code="y">23</subfield>
  </datafield>
  <datafield tag="852" ind1=" " ind2=" ">
   <subfield code="a">INST</subfield>
   <subfield code="b">UNIPILB</subfield>
   <subfield code="c">SERIALS</subfield>
   <subfield code="e">20070502</subfield>
   <subfield code="h">Αλφαβητική σειρά</subfield>
   <subfield code="p">55539</subfield>
   <subfield code="q">55539</subfield>
   <subfield code="t">NOLOAN</subfield>
   <subfield code="v">τεύχ.70:(Μήνας)Απρίλιος;(Έτος)2007</subfield>
   <subfield code="y">23</subfield>
  </datafield>
  <datafield tag="852" ind1=" " ind2=" ">
   <subfield code="a">INST</subfield>
   <subfield code="b">UNIPILB</subfield>
   <subfield code="c">SERIALS</subfield>
   <subfield code="e">20070605</subfield>
   <subfield code="h">Αλφαβητική σειρά</subfield>
   <subfield code="p">55870</subfield>
   <subfield code="q">55870</subfield>
   <subfield code="t">NOLOAN</subfield>
   <subfield code="v">τεύχ.71:(Μήνας)Μάιος;(Έτος)2007</subfield>
   <subfield code="y">23</subfield>
  </datafield>
  <datafield tag="852" ind1=" " ind2=" ">
   <subfield code="a">INST</subfield>
   <subfield code="b">UNIPILB</subfield>
   <subfield code="c">SERIALS</subfield>
   <subfield code="e">20070703</subfield>
   <subfield code="h">Αλφαβητική σειρά</subfield>
   <subfield code="p">56117</subfield>
   <subfield code="q">56117</subfield>
   <subfield code="t">NOLOAN</subfield>
   <subfield code="v">τεύχ.72:(Μήνας)Ιούνιος;(Έτος)2007</subfield>
   <subfield code="y">23</subfield>
  </datafield>
  <datafield tag="852" ind1=" " ind2=" ">
   <subfield code="a">INST</subfield>
   <subfield code="b">UNIPILB</subfield>
   <subfield code="c">SERIALS</subfield>
   <subfield code="e">20070723</subfield>
   <subfield code="h">Αλφαβητική σειρά</subfield>
   <subfield code="p">56368</subfield>
   <subfield code="q">56368</subfield>
   <subfield code="t">NOLOAN</subfield>
   <subfield code="v">τεύχ.73:(Μήνας)Ιούλιος;(Έτος)2007</subfield>
   <subfield code="y">23</subfield>
  </datafield>
  <datafield tag="852" ind1=" " ind2=" ">
   <subfield code="a">INST</subfield>
   <subfield code="b">UNIPILB</subfield>
   <subfield code="c">SERIALS</subfield>
   <subfield code="e">20070823</subfield>
   <subfield code="h">Αλφαβητική σειρά</subfield>
   <subfield code="p">56497</subfield>
   <subfield code="q">56497</subfield>
   <subfield code="t">NOLOAN</subfield>
   <subfield code="v">τεύχ.74:(Μήνες)Αύγ./Σεπ.;(Έτος)2007</subfield>
   <subfield code="y">23</subfield>
  </datafield>
  <datafield tag="852" ind1=" " ind2=" ">
   <subfield code="a">INST</subfield>
   <subfield code="b">UNIPILB</subfield>
   <subfield code="c">SERIALS</subfield>
   <subfield code="e">20071016</subfield>
   <subfield code="h">Αλφαβητική σειρά</subfield>
   <subfield code="p">57583</subfield>
   <subfield code="q">57583</subfield>
   <subfield code="t">NOLOAN</subfield>
   <subfield code="v">τεύχ.75:(Μήνας)Οκτώβριος;(Έτος)2007</subfield>
   <subfield code="y">23</subfield>
  </datafield>
  <datafield tag="852" ind1=" " ind2=" ">
   <subfield code="a">INST</subfield>
   <subfield code="b">UNIPILB</subfield>
   <subfield code="c">SERIALS</subfield>
   <subfield code="e">20071206</subfield>
   <subfield code="h">Αλφαβητική σειρά</subfield>
   <subfield code="p">58808</subfield>
   <subfield code="q">58808</subfield>
   <subfield code="t">NOLOAN</subfield>
   <subfield code="v">τεύχ.76:(Μήνας)Νοέμβριος;(Έτος)2007</subfield>
   <subfield code="y">23</subfield>
  </datafield>
  <datafield tag="852" ind1=" " ind2=" ">
   <subfield code="a">INST</subfield>
   <subfield code="b">UNIPILB</subfield>
   <subfield code="c">SERIALS</subfield>
   <subfield code="e">20080108</subfield>
   <subfield code="h">Αλφαβητική σειρά</subfield>
   <subfield code="p">59264</subfield>
   <subfield code="q">59264</subfield>
   <subfield code="t">NOLOAN</subfield>
   <subfield code="v">τεύχ.77:(Μήνας)Δεκέμβριος;(Έτος)2007</subfield>
   <subfield code="y">23</subfield>
  </datafield>
  <datafield tag="852" ind1=" " ind2=" ">
   <subfield code="a">INST</subfield>
   <subfield code="b">UNIPILB</subfield>
   <subfield code="c">SERIALS</subfield>
   <subfield code="e">20080205</subfield>
   <subfield code="h">Αλφαβητική σειρά</subfield>
   <subfield code="p">59578</subfield>
   <subfield code="q">59578</subfield>
   <subfield code="t">NOLOAN</subfield>
   <subfield code="v">τεύχ.78:(Μήνας)Ιανουάριος;(Έτος)2008</subfield>
   <subfield code="y">23</subfield>
  </datafield>
  <datafield tag="852" ind1=" " ind2=" ">
   <subfield code="a">INST</subfield>
   <subfield code="b">UNIPILB</subfield>
   <subfield code="c">SERIALS</subfield>
   <subfield code="e">20080306</subfield>
   <subfield code="h">Αλφαβητική σειρά</subfield>
   <subfield code="p">60052</subfield>
   <subfield code="q">60052</subfield>
   <subfield code="t">NOLOAN</subfield>
   <subfield code="v">τεύχ.79:(Μήνας)Φεβρουάριος;(Έτος)2008</subfield>
   <subfield code="y">23</subfield>
  </datafield>
  <datafield tag="852" ind1=" " ind2=" ">
   <subfield code="a">INST</subfield>
   <subfield code="b">UNIPILB</subfield>
   <subfield code="c">SERIALS</subfield>
   <subfield code="e">20080404</subfield>
   <subfield code="h">Αλφαβητική σειρά</subfield>
   <subfield code="p">60462</subfield>
   <subfield code="q">60462</subfield>
   <subfield code="t">NOLOAN</subfield>
   <subfield code="v">τεύχ.80:(Μήνας)Μάρτιος;(Έτος)2008</subfield>
   <subfield code="y">23</subfield>
  </datafield>
  <datafield tag="852" ind1=" " ind2=" ">
   <subfield code="a">INST</subfield>
   <subfield code="b">UNIPILB</subfield>
   <subfield code="c">SERIALS</subfield>
   <subfield code="e">20080506</subfield>
   <subfield code="h">Αλφαβητική σειρά</subfield>
   <subfield code="p">60564</subfield>
   <subfield code="q">60564</subfield>
   <subfield code="t">NOLOAN</subfield>
   <subfield code="v">τεύχ.81:(Μήνας)Απρίλιος;(Έτος)2008</subfield>
   <subfield code="y">23</subfield>
  </datafield>
  <datafield tag="852" ind1=" " ind2=" ">
   <subfield code="a">INST</subfield>
   <subfield code="b">UNIPILB</subfield>
   <subfield code="c">SERIALS</subfield>
   <subfield code="e">20080530</subfield>
   <subfield code="h">Αλφαβητική σειρά</subfield>
   <subfield code="p">60651</subfield>
   <subfield code="q">60651</subfield>
   <subfield code="t">NOLOAN</subfield>
   <subfield code="v">τεύχ.82:(Μήνας)Μάιος;(Έτος)2008</subfield>
   <subfield code="y">23</subfield>
  </datafield>
  <datafield tag="852" ind1=" " ind2=" ">
   <subfield code="a">INST</subfield>
   <subfield code="b">UNIPILB</subfield>
   <subfield code="c">SERIALS</subfield>
   <subfield code="e">20080702</subfield>
   <subfield code="h">Αλφαβητική σειρά</subfield>
   <subfield code="p">60908</subfield>
   <subfield code="q">60908</subfield>
   <subfield code="t">NOLOAN</subfield>
   <subfield code="v">τεύχ.83:(Μήνας)Ιούνιος;(Έτος)2008</subfield>
   <subfield code="y">23</subfield>
  </datafield>
  <datafield tag="852" ind1=" " ind2=" ">
   <subfield code="a">INST</subfield>
   <subfield code="b">UNIPILB</subfield>
   <subfield code="c">SERIALS</subfield>
   <subfield code="e">20080909</subfield>
   <subfield code="h">Αλφαβητική σειρά</subfield>
   <subfield code="p">61437</subfield>
   <subfield code="q">61437</subfield>
   <subfield code="t">NOLOAN</subfield>
   <subfield code="v">τεύχ.84:(Μήνες)Ιούλ./Αύγ.;(Έτος)2008</subfield>
   <subfield code="y">23</subfield>
  </datafield>
  <datafield tag="852" ind1=" " ind2=" ">
   <subfield code="a">INST</subfield>
   <subfield code="b">UNIPILB</subfield>
   <subfield code="c">SERIALS</subfield>
   <subfield code="e">20081007</subfield>
   <subfield code="h">Αλφαβητική σειρά</subfield>
   <subfield code="p">61711</subfield>
   <subfield code="q">61711</subfield>
   <subfield code="t">NOLOAN</subfield>
   <subfield code="v">τεύχ.85:(Μήνας)Σεπτέμβριος;(Έτος)2008</subfield>
   <subfield code="y">23</subfield>
  </datafield>
  <datafield tag="852" ind1=" " ind2=" ">
   <subfield code="a">INST</subfield>
   <subfield code="b">UNIPILB</subfield>
   <subfield code="c">SERIALS</subfield>
   <subfield code="e">20081105</subfield>
   <subfield code="h">Αλφαβητική σειρά</subfield>
   <subfield code="p">61976</subfield>
   <subfield code="q">61976</subfield>
   <subfield code="t">NOLOAN</subfield>
   <subfield code="v">τεύχ.86:(Μήνας)Οκτώβριος;(Έτος)2008</subfield>
   <subfield code="y">23</subfield>
  </datafield>
  <datafield tag="852" ind1=" " ind2=" ">
   <subfield code="a">INST</subfield>
   <subfield code="b">UNIPILB</subfield>
   <subfield code="c">SERIALS</subfield>
   <subfield code="e">20081125</subfield>
   <subfield code="h">Αλφαβητική σειρά</subfield>
   <subfield code="p">62127</subfield>
   <subfield code="q">62127</subfield>
   <subfield code="t">NOLOAN</subfield>
   <subfield code="v">τεύχ.87:(Μήνας)Νοέμβριος;(Έτος)2008</subfield>
   <subfield code="y">23</subfield>
  </datafield>
  <datafield tag="852" ind1=" " ind2=" ">
   <subfield code="a">INST</subfield>
   <subfield code="b">UNIPILB</subfield>
   <subfield code="c">SERIALS</subfield>
   <subfield code="e">20090123</subfield>
   <subfield code="h">Αλφαβητική σειρά</subfield>
   <subfield code="p">62516</subfield>
   <subfield code="q">62516</subfield>
   <subfield code="t">NOLOAN</subfield>
   <subfield code="v">τεύχ.88:(Μήνας)Δεκέμβριος;(Έτος)2008</subfield>
   <subfield code="y">23</subfield>
  </datafield>
  <datafield tag="852" ind1=" " ind2=" ">
   <subfield code="a">INST</subfield>
   <subfield code="b">UNIPILB</subfield>
   <subfield code="c">SERIALS</subfield>
   <subfield code="e">20090210</subfield>
   <subfield code="h">Αλφαβητική σειρά</subfield>
   <subfield code="p">62834</subfield>
   <subfield code="q">62834</subfield>
   <subfield code="t">NOLOAN</subfield>
   <subfield code="v">τεύχ.89:(Μήνας)Ιανουάριος;(Έτος)2009</subfield>
   <subfield code="y">23</subfield>
  </datafield>
  <datafield tag="852" ind1=" " ind2=" ">
   <subfield code="a">INST</subfield>
   <subfield code="b">UNIPILB</subfield>
   <subfield code="c">SERIALS</subfield>
   <subfield code="e">20090512</subfield>
   <subfield code="h">Αλφαβητική σειρά</subfield>
   <subfield code="p">64045</subfield>
   <subfield code="q">64045</subfield>
   <subfield code="t">NOLOAN</subfield>
   <subfield code="v">τεύχ.90:(Μήνας)Φεβρουάριος;(Έτος)2009</subfield>
   <subfield code="y">23</subfield>
  </datafield>
  <datafield tag="856" ind1="4" ind2="1">
   <subfield code="u">http://www.neomag.gr</subfield>
  </datafield>
  <datafield tag="900" ind1=" " ind2=" ">
   <subfield code="a">Τχ. 91 (Μάρτιος 2009)</subfield>
   <subfield code="b">Οφειλόμενο</subfield>
   <subfield code="c">28/05/2009</subfield>
  </datafield>
  <datafield tag="900" ind1=" " ind2=" ">
   <subfield code="a">Τχ. 35 (Φεβρουάριος 2004)</subfield>
   <subfield code="b">Οφειλόμενο</subfield>
   <subfield code="c">13/12/2004</subfield>
  </datafield>
  <datafield tag="900" ind1=" " ind2=" ">
   <subfield code="a">Τχ. 46 (Φεβρουάριος 2005)</subfield>
   <subfield code="b">Οφειλόμενο</subfield>
   <subfield code="c">10/10/2005</subfield>
  </datafield>
  <datafield tag="900" ind1=" " ind2=" ">
   <subfield code="a">Τχ. 51 (Ιούλιος 2005)</subfield>
   <subfield code="b">Οφειλόμενο</subfield>
   <subfield code="c">28/11/2005</subfield>
  </datafield>
  <datafield tag="900" ind1=" " ind2=" ">
   <subfield code="a">Τχ. 54 (Νοέμβριος 2005)</subfield>
   <subfield code="b">Οφειλόμενο</subfield>
   <subfield code="c">26/03/2006</subfield>
  </datafield>
  <datafield tag="900" ind1=" " ind2=" ">
   <subfield code="a">Τχ. 64 (Οκτώβριος 2006)</subfield>
   <subfield code="b">Οφειλόμενο</subfield>
   <subfield code="c">21/01/2007</subfield>
  </datafield>
  <datafield tag="900" ind1=" " ind2=" ">
   <subfield code="a">Τχ. 66 (Δεκέμβριος 2006)</subfield>
   <subfield code="b">Οφειλόμενο</subfield>
   <subfield code="c">01/04/2007</subfield>
  </datafield>
  <datafield tag="950" ind1=" " ind2=" ">
   <subfield code="a">01/01/2004</subfield>
   <subfield code="c">ΤΕΧΝΟΠΟΛΙΣ Α.Ε.</subfield>
   <subfield code="d">76</subfield>
  </datafield>
  <datafield tag="951" ind1=" " ind2=" ">
   <subfield code="a">Τχ. 85 (Σεπτέμβριος 2008) - Τχ. 90 (Φεβρουάριος 2009)</subfield>
   <subfield code="b">Main run</subfield>
  </datafield>
  <datafield tag="951" ind1=" " ind2=" ">
   <subfield code="a">Τχ.2(Φεβρ. 2001) -  (τχ.33(Δεκ. 2003)</subfield>
   <subfield code="b">Main run</subfield>
  </datafield>
  <datafield tag="951" ind1=" " ind2=" ">
   <subfield code="a">Τχ. 34 (Ιανουάριος 2004)</subfield>
   <subfield code="b">Main run</subfield>
  </datafield>
  <datafield tag="951" ind1=" " ind2=" ">
   <subfield code="a">Τχ. 36 (Μάρτιος 2004) - Τχ. 40 (Ιούλιος 2004)</subfield>
   <subfield code="b">Main run</subfield>
  </datafield>
  <datafield tag="951" ind1=" " ind2=" ">
   <subfield code="a">Τχ. 41 (Αύγ./Σεπ. 2004)</subfield>
   <subfield code="b">Main run</subfield>
  </datafield>
  <datafield tag="951" ind1=" " ind2=" ">
   <subfield code="a">Τχ. 42 (Οκτώβριος 2004) - Τχ. 45 (Ιανουάριος 2005)</subfield>
   <subfield code="b">Main run</subfield>
  </datafield>
  <datafield tag="951" ind1=" " ind2=" ">
   <subfield code="a">Τχ. 47 (Μάρτιος 2005) - Τχ. 50 (Ιούνιος 2005)</subfield>
   <subfield code="b">Main run</subfield>
  </datafield>
  <datafield tag="951" ind1=" " ind2=" ">
   <subfield code="a">Τχ. 52 (Αύγ./Σεπ. 2005)</subfield>
   <subfield code="b">Main run</subfield>
  </datafield>
  <datafield tag="951" ind1=" " ind2=" ">
   <subfield code="a">Τχ. 53 (Οκτώβριος 2005)</subfield>
   <subfield code="b">Main run</subfield>
  </datafield>
  <datafield tag="951" ind1=" " ind2=" ">
   <subfield code="a">Τχ. 55 (Δεκέμβριος 2005) - Τχ. 62 (Ιούλιος 2006)</subfield>
   <subfield code="b">Main run</subfield>
  </datafield>
  <datafield tag="951" ind1=" " ind2=" ">
   <subfield code="a">Τχ. 63 (Αύγ./Σεπ. 2006)</subfield>
   <subfield code="b">Main run</subfield>
  </datafield>
  <datafield tag="951" ind1=" " ind2=" ">
   <subfield code="a">Τχ. 65 (Νοέμβριος 2006)</subfield>
   <subfield code="b">Main run</subfield>
  </datafield>
  <datafield tag="951" ind1=" " ind2=" ">
   <subfield code="a">Τχ. 67 (Ιανουάριος 2007) - Τχ. 73 (Ιούλιος 2007)</subfield>
   <subfield code="b">Main run</subfield>
  </datafield>
  <datafield tag="951" ind1=" " ind2=" ">
   <subfield code="a">Τχ. 74 (Αύγ./Σεπ. 2007)</subfield>
   <subfield code="b">Main run</subfield>
  </datafield>
  <datafield tag="951" ind1=" " ind2=" ">
   <subfield code="a">Τχ. 75 (Οκτώβριος 2007) - Τχ. 83 (Ιούνιος 2008)</subfield>
   <subfield code="b">Main run</subfield>
  </datafield>
  <datafield tag="951" ind1=" " ind2=" ">
   <subfield code="a">Τχ. 84  (Ιούλ./Αύγ. 2008)</subfield>
   <subfield code="b">Main run</subfield>
  </datafield>
  <datafield tag="952" ind1=" " ind2=" ">
   <subfield code="a">35(Φεβρουάριος)2004</subfield>
  </datafield>
 </record>
</collection>
